Justice in Japan (Record no. 24012)
[ view plain ]
| 000 -LEADER | |
|---|---|
| fixed length control field | 01281nam a2200313 a 4500 |
| 082 04 - DEWEY DECIMAL CLASSIFICATION NUMBER | |
| Classification number | 345.52/02323 |
| 100 1# - MAIN ENTRY--AUTHOR NAME | |
| Personal name | Mitchell, Richard H. |
| 245 10 - TITLE STATEMENT | |
| Title | Justice in Japan |
| 260 ## - PUBLICATION, DISTRIBUTION, ETC. (IMPRINT) | |
| Place of publication | Honolulu : |
| Name of publisher | University of Hawai'i Press, |
| Year of publication | c2002. |
| 300 ## - PHYSICAL DESCRIPTION | |
| Number of Pages | xiii, 264 p. |
| 650 #0 - SUBJECT ADDED ENTRY--TOPICAL TERM | |
| Topical Term | Teijin case, 1934. |
| Topical Term | Trials (Bribery) |
| Topical Term | Political corruption |
| 856 40 - ELECTRONIC LOCATION AND ACCESS | |
| Uniform Resource Identifier | http://site.ebrary.com/lib/rucke/Doc?id=10019089 |
No items available.
